| 000 | 00587nam a2200205 i 4500 | ||
|---|---|---|---|
| 001 | bg | ||
| 100 | 1 | _aYONG, Raymond N. | |
| 245 | 0 |
_aSoil properties and behaviour / _cby Raymond N. Yong, Benno P. Warkentin. |
|
| 260 |
_aAmsterdam : _bElsevier, _c1975. |
||
| 490 | 1 |
_aDevelopments in Geotechnical Engineering ; _v5 |
|
| 700 | 1 | _aWARKENTIN, Benno P. | |
| 830 | _aDevelopments in Geotechnical Engineering ; | ||
| 020 | _a0444411674 | ||
| 040 | _cBPK | ||
| 041 | _apol | ||
| 080 | _a624.13 | ||
| 920 | _a0-444-41167-4 | ||
| 942 | _cKS | ||
| 008 | s pl f |000 0 pol | ||
| 999 |
_c27800 _d27800 |
||
| 856 |
_uhttp://koha.tu.koszalin.pl/cgi-bin/koha/opac-detail.pl?biblionumber=27800 _yKatalog online BPK |
||